<?xml version="1.0" encoding="UTF-8"?>
<record
    xmlns:xsi="http://www.w3.org/2001/XMLSchema-instance"
    xsi:schemaLocation="http://www.loc.gov/MARC21/slim http://www.loc.gov/standards/marcxml/schema/MARC21slim.xsd"
    xmlns="http://www.loc.gov/MARC21/slim">

  <leader>00809nam a2200193 i 4500</leader>
  <controlfield tag="001">103229</controlfield>
  <controlfield tag="003">ES-MaACL</controlfield>
  <controlfield tag="005">20230906183312.0</controlfield>
  <controlfield tag="007">t|</controlfield>
  <controlfield tag="008">060202s1871    sp           ||||1| fre d</controlfield>
  <datafield tag="111" ind1="2" ind2=" ">
    <subfield code="a">Conf&#xE9;rence Tel&#xE9;graphique Internationale de Rome (</subfield>
    <subfield code="d">1871. </subfield>
    <subfield code="c">Rome)</subfield>
    <subfield code="9">190</subfield>
  </datafield>
  <datafield tag="245" ind1="1" ind2="0">
    <subfield code="a">Conf&#xE9;rence Tel&#xE9;graphique Internationale de Rome </subfield>
    <subfield code="b">: ... S&#xE9;ance.</subfield>
  </datafield>
  <datafield tag="260" ind1=" " ind2=" ">
    <subfield code="a">[S.l. : </subfield>
    <subfield code="b">s.n., </subfield>
    <subfield code="c">1871]</subfield>
  </datafield>
  <datafield tag="300" ind1=" " ind2=" ">
    <subfield code="a">1 v. (pag. var.) ; </subfield>
    <subfield code="c">29 cm.</subfield>
  </datafield>
  <datafield tag="500" ind1=" " ind2=" ">
    <subfield code="a">Ejemplar sin portada.</subfield>
  </datafield>
  <datafield tag="505" ind1="8" ind2=" ">
    <subfield code="a">Contiene: IIe S&#xE9;ance: 20 d&#xE9;cembre 1871 -- 15e S&#xE9;ance: 28 d&#xE9;cembre 1871 -- 16e S&#xE9;ance: 29 d&#xE9;cembre 1871 -- 17e S&#xE9;ance: 30 d&#xE9;cembre 1871 -- 18e S&#xE9;ance: 1 janvier 1871 -- 19e S&#xE9;ance: 2 janvier 1872 -- 20e S&#xE9;ance: 8 javier 1872</subfield>
  </datafield>
  <datafield tag="650" ind1=" " ind2="4">
    <subfield code="a">Tel&#xE9;grafo.</subfield>
    <subfield code="9">17430</subfield>
  </datafield>
  <datafield tag="852" ind1=" " ind2=" ">
    <subfield code="a">ES-MaACL</subfield>
    <subfield code="j">T-745-F-3</subfield>
  </datafield>
  <datafield tag="999" ind1=" " ind2=" ">
    <subfield code="c">103229</subfield>
    <subfield code="d">103229</subfield>
  </datafield>
  <datafield tag="952" ind1=" " ind2=" ">
    <subfield code="0">0</subfield>
    <subfield code="1">0</subfield>
    <subfield code="4">0</subfield>
    <subfield code="7">0</subfield>
    <subfield code="8">Colecci&#xF3;n_de_folletos</subfield>
    <subfield code="a">ATENEOM</subfield>
    <subfield code="b">ATENEOM</subfield>
    <subfield code="c">DEPOF</subfield>
    <subfield code="d">2008-01-17</subfield>
    <subfield code="e">SC</subfield>
    <subfield code="l">0</subfield>
    <subfield code="o">T-745-F-3</subfield>
    <subfield code="p">1107795</subfield>
    <subfield code="r">2023-02-23 00:00:00</subfield>
    <subfield code="w">2023-02-23</subfield>
    <subfield code="y">FOLLETOS</subfield>
  </datafield>
</record>
